| 000 | 01350naa2a22002051 4500 | ||
|---|---|---|---|
| 001 | RU\NLR\KADK\57141 | ||
| 005 | 20240728224628.0 | ||
| 035 | _a(NLR Aleph) 009866868 | ||
| 090 |
_a10405721 _c10405721 |
||
| 100 | _a20020123d1781 u y0rusy50 ba | ||
| 101 | 0 | _ager | |
| 102 | _aRU | ||
| 200 | 1 |
_aBeytrag zur Geschichte der Einimpfung in Rußland _fVon Joachim Christian Grot |
|
| 463 | 0 |
_1001RU\NLR\KADK\53015 _12001#$a... Kanzelvorträge über die Blattereinimpfung _1210##$aSt. Petersburg [St.- Peterburg] etc.$d1781 _1215##$aС. 323-380 _1700#1$aGrot$bJ. Chr.$4070 _910391619 _aGrot, J. Ch. (1733-1800) _cSt. Petersburg [St.- Peterburg] etc. _d1781 _nBey J.F. Hartknoch _pXLVIII, 440 с. _tJoachim Christian Grots ... Kanzelvorträge über die Blattereinimpfung veranlaβt durch das jährliche Dankfest wegen ihres glücklichen Erfolgs an Ihro Kaiserlichen Majestät Katharina der Zweyten und an Sr. Kaiserlichen Hoheit Paul Petrowitsch, nebst einem Beytrage zur Geschichte der Blattereinimpfung in Ruβland und einem Anhange über die Tödlichkeit der Pocken in Petersburg, zur Untersuchung der Frage über ihre Unschädlichkeit in Ruβland |
|
| 700 | 1 |
_aGrot _bJ. Chr. _f1733-1800 _gJoachim Christian _4070 |
|
| 801 | 0 |
_aRU _brnb _c20020123 |
|
| 852 |
_aNLR _bБ-ка 1-го Кадет. Корп. _jРэ ШК / G-881 O2 |
||
| 942 | _cBOOK | ||
| 980 | _aKADK | ||